000 00721cam a22002173a 4500
001 39399
003 PGUSA
005 20140828083857.0
008 120407s2012||||xxu|||||s|||||000 | eng d
040 _aPGUSA
_beng
042 _adc
100 1 _aGilson, Charles,
_d1878-1943
245 1 0 _aTreasure of Kings :
_bBeing the Story of the Discovery of the \"Big Fish,\" or the Quest of the Greater Treasure of the Incas of Peru.
_h[electronic resource] /
_cCharles Gilson
260 _bProject Gutenberg,
_c2012
506 _aPublic domain in the USA.
516 _aElectronic text
700 1 _aWoodville, R. Caton
830 0 _aProject Gutenberg
_v39399
856 4 0 _uhttp://www.gutenberg.org/ebooks/39399
942 _cEB
999 _c268652
_d268652